Psicología industrial
Salvato in:
| Autore principale: | |
|---|---|
| Natura: | Libro |
| Lingua: | spagnolo |
| Pubblicazione: |
Madrid
Rialp
1960
|
| Serie: | La empresa y el hombre, 7
|
| Soggetti: | |
| Tags: |
Aggiungi Tag
Nessun Tag, puoi essere il primo ad aggiungerne!!
|
MARC
| LEADER | 00000nam a2200000 a 4500 | ||
|---|---|---|---|
| 001 | UCT2397 | ||
| 003 | CL-VaPUC | ||
| 008 | 961011e19600000SP |||||||||||||||||spa|d | ||
| 082 | 0 | 4 | |a 158.7 |b MAI |2 21 |
| 100 | |a Maier, Norman R. F. |e autor |9 601492 | ||
| 245 | 1 | 0 | |a Psicología industrial |
| 300 | |a 634 p | ||
| 942 | |c BK | ||
| 945 | |d 19961011 00:00:00 |a paguirre | ||
| 260 | |a Madrid |b Rialp |c 1960 | ||
| 650 | 0 | |a Psicología |9 257863 | |
| 650 | 7 | |a PSICOLOGIA DEL TRABAJO |2 CL-VaPUC |9 324586 | |
| 650 | 0 | |a Conducta humana |9 269906 | |
| 650 | 7 | |a MOTIVACIONES |2 CL-VaPUC |9 365750 | |
| 650 | 7 | |a PSICOLOGIA DEL COMPORTAMIENTO |2 CL-VaPUC |9 309615 | |
| 583 | |a last modification |c 19961011 00:00:00 |k Rodrigo Vera | ||
| 490 | 0 | |a La empresa y el hombre, 7 | |
| 999 | |c 252515 |d 252513 | ||
| 952 | |0 0 |1 0 |4 0 |6 158_700000000000000_MAI_1960 |7 0 |8 P |9 272417 |a BIBGIM |b BIBGIM |d 2019-11-19 |i 1992910 |o 158.7 MAI 1960 |p 1992910 |r 2025-01-15 |w 2019-11-19 |y BK |k COM | ||